000 00393nam a2200169Ia 4500
008 221030s9999 xx 000 0 und d
020 _a8178086824
041 _aEnglish
082 _a105.23
_bSta
100 _aW. Stallings
245 0 _aBusiness Data Communications
250 _a4th
260 _bPearson Education
_aDelhi
_c2004
300 _a659
650 _aComputers
942 _cBK
999 _c1606
_d1606